000
00283nam a2200133Ia 4500
100
_a
Thaller/ George J.
942
_c
BK
654
_a
automatic
245
_a
Automatic control system
260
_b
Jaico Pub
_a
Bombay
_c
1991
082
_a
629.8
300
_a
457
546
_a
ENGLISH
999
_c
30832
_d
30832